| 000 | 00469 a2200145 4500 | ||
|---|---|---|---|
| 245 |
_aSociology, new directions _hprint |
||
| 020 | _a094618318X : | ||
| 700 | _aHaralambos, Michael. | ||
| 700 | _aFoster-Carter, Aidan. | ||
| 650 | _aSOCIOLOGY | ||
| 005 | 20191017173500.0 | ||
| 260 |
_aenk _bCauseway Books _cc1985 |
||
| 084 | _aHM51 .S66348 1985 | ||
| 300 |
_a675 p. : ill. _b 22 cm. _c675 p. : ill. ; 22 cm. |
||
| 500 | _aedited by Michael Haralambos ; written by Aidan Foster-Carter ... [et al.]. | ||
| 999 |
_c10318 _d10318 |
||